书目信息 |
| 题名: |
电子设备测量与技能训练
|
|
| 作者: | 陶宏伟 主编 | |
| 分册: | ||
| 出版信息: | 北京 高等教育出版社 1997.7 |
|
| 页数: | 223页 | |
| 开本: | 26cm | |
| 丛书名: | ||
| 单 册: | ||
| 中图分类: | TN06 | |
| 科图分类: | ||
| 主题词: | 自然科学--学术思想 | |
| 电子资源: | ||
| ISBN: | 7-04-006000-0 | |
| 000 | 00562nam0 2200193 45 | |
| 001 | 0009191619 | |
| 005 | 20041119085128.9 | |
| 010 | @a7-04-006000-0@dCNY15.60 | |
| 100 | @a20000919d1997 km y0chiy0120 ea | |
| 101 | 0 | @achi |
| 105 | @a z 000yy | |
| 200 | 1 | @a电子设备测量与技能训练@ADian Zi She Bei Ce Liang Yu Ji Neng Xun Lian@f陶宏伟主编@FTao Hong Wei Zhu Bian |
| 210 | @a北京@c高等教育出版社@d1997.7 | |
| 215 | @a223页@d26cm | |
| 606 | 0 | @a自然科学@x学术思想 |
| 690 | @aTN06@v1 | |
| 701 | 0 | @a陶宏伟@4主编 |
| 801 | @aCN@bTSTC@c20000919 | |
| 905 | @dTN06@e54 | |
| 电子设备测量与技能训练/陶宏伟主编.-北京:高等教育出版社,1997.7 |
| 223页;26cm |
| ISBN 7-04-006000-0:CNY15.60 |
| ● |
| 相关链接 |
|
|
|
|
正题名:电子设备测量与技能训练
索取号:TN06/54
 
预约/预借
| 序号 | 登录号 | 条形码 | 馆藏地/架位号 | 状态 | 备注 |
| 1 | 0290403 | 002904030 | 第三借阅区/ [索取号:TN06/54] | 在馆 | |
| 2 | 0290404 | 002904049 | 第三借阅区/ [索取号:TN06/54] | 在馆 | |
| 3 | 0290405 | 002904058 | 第二样本阅览室/ [索取号:TN06/54] | 在馆 |